000 00472nam a22001697a 4500
005 20241108113057.0
008 241108b |||||||| |||| 00| 0 eng d
020 _a9780070169890
050 _aTS155
_bETT
100 _aEttkin, P. Lawrence
245 _aProduction and operations management:
_bManufacturing and services
250 _a5th
260 _aNew York
_bMcGraw-Hill, Inc
_cc1993
300 _axxi,359p
_bill.;
700 _aDilworth, B. James
942 _2lcc
_cBK
_n0
999 _c861
_d861